[Event "Agzamov Memorial 17th"]
[Site "Tashkent"]
[Date "2024.03.28"]
[Round "2"]
[White "Romanov, Evgeny"]
[Black "Ritviz, Parab"]
[Result "1-0"]
[WhiteElo "2596"]
[BlackElo "2346"]
[PlyCount "63"]
[EventDate "2024.03.27"]
[EventType "swiss"]
[EventRounds "10"]
[EventCountry "UZB"]
[SourceTitle "CB14_2024"]
[SourceDate "2024.04.01"]
[SourceVersion "1"]
[SourceVersionDate "2024.04.01"]
[SourceQuality "1"]

1. e4 e5 2. Nf3 Nc6 3. Bb5 a6 4. Ba4 Nf6 5. 0-0 Be7 6. Bxc6 dxc6 7. d3 Nd7 8. Be3 c5 9. Nc3 0-0 10. a4 b6 11. Nd2 Nb8 12. Nd5 Be6 13. Nxe7+ Qxe7 14. f4 exf4 15. Rxf4 Nc6 16. Qh5 f6 17. Raf1 Nb4 18. Qd1 f5 19. Nf3 fxe4 20. Rxe4 Qd7 21. a5 Bd5 22. Rf4 Rxf4 23. Bxf4 Bxf3 24. Qxf3 Rf8 25. Qe4 b5 26. Be3 Re8 27. Bxc5 Nxc2 28. d4 Ne1 29. d5 g6 30. Qd4 Qd8 31. Qd2 Qh4 32. Bf2 1-0

[Event "Agzamov Memorial 17th"]
[Site "Tashkent"]
[Date "2024.03.27"]
[Round "1"]
[White "Saydaliev, Akobirkhon"]
[Black "Romanov, Evgeny"]
[Result "0-1"]
[WhiteElo "2213"]
[BlackElo "2596"]
[PlyCount "52"]
[EventDate "2024.03.27"]
[EventType "swiss"]
[EventRounds "10"]
[EventCountry "UZB"]
[SourceTitle "CB14_2024"]
[SourceDate "2024.04.01"]
[SourceVersion "1"]
[SourceVersionDate "2024.04.01"]
[SourceQuality "1"]

1. d4 d5 2. c4 e6 3. Nc3 Bb4 4. cxd5 exd5 5. Qb3 c5 6. dxc5 Nc6 7. a3 Ba5 8. Bd2 Nf6 9. Nf3 0-0 10. e3 d4 11. exd4 Nxd4 12. Nxd4 Qxd4 13. Be3 Re8 14. Qc4 Rxe3+ 15. fxe3 Qxe3+ 16. Be2 Ne4 17. Qd3 Qf2+ 18. Kd1 Nxc3+ 19. bxc3 Be6 20. Qf3 Qxc5 21. Rc1 Qxa3 22. Qe3 h6 23. Ke1 Bb6 24. Qf4 g5 25. Qd2 Rd8 26. Qc2 Bf5 0-1

[Event "NOR-chT Elite 2324"]
[Site "Norway"]
[Date "2024.03.08"]
[Round "7.12"]
[White "Agdestein, Simen"]
[Black "Romanov, Evgeny"]
[Result "0-1"]
[WhiteElo "2563"]
[BlackElo "2596"]
[PlyCount "80"]
[EventDate "2023.10.27"]
[EventType "team-tourn"]
[EventRounds "9"]
[EventCountry "NOR"]
[SourceTitle "CB16_2024"]
[SourceDate "2024.04.17"]
[SourceVersion "1"]
[SourceVersionDate "2024.04.17"]
[SourceQuality "1"]
[WhiteTeam "OSS"]
[BlackTeam "Valerenga"]
[WhiteTeamCountry "NOR"]
[BlackTeamCountry "NOR"]

1. e4 e5 2. Nf3 Nc6 3. Bb5 a6 4. Ba4 d6 5. 0-0 Bd7 6. c3 g6 7. d4 Bg7 8. Re1 Nf6 9. Nbd2 0-0 10. Nf1 Re8 11. Ng3 b5 12. Bc2 exd4 13. cxd4 Bg4 14. Be3 Nd7 15. Rc1 Bxf3 16. gxf3 Nb4 17. a3 Nxc2 18. Rxc2 c5 19. dxc5 Nxc5 20. Rd2 Qh4 21. Rxd6 Ne6 22. Qe2 Be5 23. Rb6 h5 24. Rd1 Qf6 25. Rd5 h4 26. Nf1 Rec8 27. Kh1 Rc2 28. Rd2 Rxd2 29. Nxd2 Bc7 30. Rc6 Qxb2 31. Rxe6 fxe6 32. f4 h3 33. Qf1 Qh8 34. Nf3 Qh5 35. Ng5 Qg4 36. e5 Rd8 37. f3 Rd1 38. fxg4 Rxf1+ 39. Bg1 Bb6 40. Nxh3 Ra1 0-1

[Event "Rochefort op 22nd"]
[Site "Rochefort"]
[Date "2024.02.21"]
[Round "7"]
[White "Eugene, Floryan"]
[Black "Romanov, Evgeny"]
[Result "1/2-1/2"]
[WhiteElo "2404"]
[BlackElo "2593"]
[PlyCount "105"]
[EventDate "2024.02.17"]
[EventType "swiss"]
[EventRounds "9"]
[EventCountry "FRA"]
[SourceTitle "CB09_2024"]
[SourceDate "2024.02.28"]
[SourceVersion "1"]
[SourceVersionDate "2024.02.28"]
[SourceQuality "1"]

1. e4 e6 2. d4 d5 3. Nc3 Bb4 4. e5 b6 5. h4 Qd7 6. h5 h6 7. Qg4 Bf8 8. Be3 Ne7 9. 0-0-0 a5 10. f4 Ba6 11. Qf3 b5 12. g4 b4 13. Nce2 a4 14. b3 c5 15. Kd2 Nec6 16. Ke1 cxd4 17. Nxd4 Nxd4 18. Bxd4 Nc6 19. Be3 Be7 20. Bxa6 Rxa6 21. Qe2 Ra5 22. Nf3 f6 23. Bb6 Ra8 24. g5 hxg5 25. h6 g4 26. Ng1 Bf8 27. exf6 gxf6 28. Qxg4 axb3 29. axb3 e5 30. Qf3 e4 31. Qh5+ Qf7 32. Qxd5 Qxd5 33. Rxd5 Ra1+ 34. Ke2 Rxh6 35. Rxh6 Bxh6 36. Rd6 Ne7 37. Rxf6 Bg7 38. Re6 Kf7 39. Rxe4 Nd5 40. Bd4 Bxd4 41. Rxd4 Nc3+ 42. Kd3 Rxg1 43. Rxb4 Rg3+ 44. Kd4 Ne2+ 45. Ke5 Rc3 46. Rc4 Rxc4 47. bxc4 Ke7 48. c5 Ng1 49. c6 Nf3+ 50. Kd5 Nh4 51. c3 Kd8 52. Kd6 Kc8 53. c7 1/2-1/2

[Event "Skopje op"]
[Site "Skopje"]
[Date "2023.12.10"]
[Round "6"]
[White "Romanov, Evgeny"]
[Black "Bernadskiy, Vitaliy"]
[Result "1-0"]
[WhiteElo "2561"]
[BlackElo "2558"]
[PlyCount "55"]
[EventDate "2023.12.06"]
[EventType "swiss"]
[EventRounds "9"]
[EventCountry "MKD"]
[SourceTitle "CB50_2023"]
[SourceDate "2023.12.13"]
[SourceVersion "1"]
[SourceVersionDate "2023.12.13"]
[SourceQuality "1"]

1. e4 Nc6 2. d4 d5 3. e5 f6 4. Bb5 a6 5. Bxc6+ bxc6 6. Bf4 Bf5 7. Nd2 Qb8 8. Nb3 a5 9. g4 Bc8 10. Nc5 e6 11. Nd3 Ba6 12. Nf3 c5 13. dxc5 Bxd3 14. cxd3 Qb4+ 15. Bd2 Qxg4 16. Rg1 Qh5 17. Qa4+ Kf7 18. Qd7+ Ne7 19. Rg3 h6 20. 0-0-0 fxe5 21. Bg5 Re8 22. Nxe5+ Kg8 23. Qxe6+ Kh7 24. Rdg1 Nc8 25. Qxd5 hxg5 26. Rxg5 Qh6 27. Nf7 c6 28. Qf3 1-0

[Event "Skopje op"]
[Site "Skopje"]
[Date "2023.12.07"]
[Round "2"]
[White "Romanov, Evgeny"]
[Black "Stanojoski, Zvonko"]
[Result "1-0"]
[WhiteElo "2561"]
[BlackElo "2392"]
[PlyCount "77"]
[EventDate "2023.12.06"]
[EventType "swiss"]
[EventRounds "9"]
[EventCountry "MKD"]
[SourceTitle "CB50_2023"]
[SourceDate "2023.12.13"]
[SourceVersion "1"]
[SourceVersionDate "2023.12.13"]
[SourceQuality "1"]

1. d4 d5 2. c4 e6 3. Nf3 Nf6 4. Nc3 c6 5. g3 dxc4 6. Bg2 b5 7. 0-0 Bb7 8. Ne5 Qc8 9. a4 Nbd7 10. Bg5 b4 11. Nb1 Nxe5 12. dxe5 Nd7 13. Bf4 c5 14. Bxb7 Qxb7 15. Nd2 Be7 16. Nxc4 g5 17. Bxg5 Qd5 18. Bxe7 Kxe7 19. Rc1 Nb6 20. Qc2 Rhd8 21. Qxh7 Nxc4 22. Qh4+ Ke8 23. Qxc4 Qxc4 24. Rxc4 Rd2 25. b3 Rb2 26. Rxc5 Rxb3 27. Rd1 a5 28. Rc7 Rc3 29. Rb7 Rd8 30. Rxd8+ Kxd8 31. Rb5 b3 32. h4 Ke7 33. Kg2 Rc4 34. Rxb3 Rxa4 35. Rb7+ Kf8 36. f4 Rb4 37. Ra7 a4 38. Kh3 Kg7 39. Kg4 1-0

[Event "Skopje op"]
[Site "Skopje"]
[Date "2023.12.06"]
[Round "1"]
[White "Veljanoski, Andrej"]
[Black "Romanov, Evgeny"]
[Result "0-1"]
[WhiteElo "2300"]
[BlackElo "2561"]
[PlyCount "58"]
[EventDate "2023.12.06"]
[EventType "swiss"]
[EventRounds "9"]
[EventCountry "MKD"]
[SourceTitle "CB50_2023"]
[SourceDate "2023.12.13"]
[SourceVersion "1"]
[SourceVersionDate "2023.12.13"]
[SourceQuality "1"]

1. e4 c5 2. Nf3 e6 3. d4 cxd4 4. Nxd4 a6 5. c4 Nf6 6. Nc3 Qc7 7. f3 Bd6 8. g3 Nc6 9. Be3 h5 10. Qd2 Nxd4 11. Qxd4 h4 12. g4 Be5 13. Qd2 0-0 14. Bd3 d5 15. cxd5 exd5 16. Nxd5 Nxd5 17. exd5 Re8 18. Be4 Bxg4 19. 0-0 Bh3 20. Rfe1 Qd6 21. Kh1 Rac8 22. Rac1 Rxc1 23. Qxc1 f5 24. Bc5 Qg6 25. Rg1 Qh5 26. Rg5 Qh6 27. Be3 Qf6 28. Bd3 Bxb2 29. Qg1 Qc3 0-1

[Event "Mersin op 7th"]
[Site "Mersin"]
[Date "2023.11.12"]
[Round "1"]
[White "Pshmahov, Osman"]
[Black "Romanov, Evgeny"]
[Result "0-1"]
[WhiteElo "2185"]
[BlackElo "2572"]
[PlyCount "64"]
[EventDate "2023.11.12"]
[EventType "swiss"]
[EventRounds "9"]
[EventCountry "TUR"]
[SourceTitle "CB47_2023"]
[SourceDate "2023.11.22"]
[SourceVersion "1"]
[SourceVersionDate "2023.11.22"]
[SourceQuality "1"]

1. d4 Nf6 2. c4 e6 3. Nc3 Bb4 4. e3 0-0 5. Nge2 c6 6. a3 Ba5 7. b4 Bc7 8. e4 d5 9. e5 Ne8 10. Ng3 f6 11. f4 fxe5 12. fxe5 a5 13. Bd3 Qh4 14. Rb1 axb4 15. axb4 Nd7 16. Qh5 Qxh5 17. Nxh5 dxc4 18. Bxc4 Nb6 19. Bd3 Nd5 20. Bd2 Ra3 21. Rc1 Bb6 22. Rf1 Rxf1+ 23. Bxf1 Bxd4 24. Ne4 Bb2 25. Rb1 Bxe5 26. b5 cxb5 27. Bxb5 Nec7 28. Bc4 b5 29. Bb3 b4 30. Nc5 Nc3 31. Bxc3 Bxc3+ 32. Kd1 Ra5 0-1

[Event "NOR-ch"]
[Site "Oslo"]
[Date "2023.07.03"]
[Round "4"]
[White "Romanov, Evgeny"]
[Black "Hauge, Lars Oskar"]
[Result "1-0"]
[WhiteElo "2555"]
[BlackElo "2508"]
[PlyCount "91"]
[EventDate "2023.06.30"]
[EventType "swiss"]
[EventRounds "9"]
[EventCountry "NOR"]
[SourceTitle "CBM 215 Extra"]
[Source "ChessBase"]
[SourceDate "2023.09.30"]
[SourceVersion "1"]
[SourceVersionDate "2023.09.30"]
[SourceQuality "1"]

1. d4 d5 2. Nf3 Nf6 3. c4 e6 4. g3 Bb4+ 5. Bd2 Be7 6. Bg2 0-0 7. 0-0 c6 8. Nc3 dxc4 9. Bg5 Nbd7 10. Ne5 h6 11. Bxf6 Bxf6 12. Nxc4 Nb6 13. Ne5 c5 14. e3 cxd4 15. exd4 Rb8 16. Rc1 Qe7 17. Qb3 Bd7 18. Ne4 Rfc8 19. Nxf6+ gxf6 20. Ng4 f5 21. Ne5 Rxc1 22. Rxc1 Rc8 23. Rxc8+ Bxc8 24. Qc3 Qd8 25. Qc5 f6 26. Ng6 Kf7 27. Nf4 Qe7 28. Qc3 Qd6 29. h4 Ke7 30. a4 e5 31. Ng6+ Kf7 32. dxe5 Qd1+ 33. Kh2 Kxg6 34. a5 Nd7 35. Qxc8 fxe5 36. Qg8+ Kf6 37. Bd5 Ke7 38. Qe6+ Kd8 39. Bxb7 Qc2 40. Kg2 Kc7 41. b4 f4 42. g4 Qd2 43. Be4 Qxb4 44. Qc6+ Kd8 45. Bf5 Nc5 46. Qd6+ 1-0

[Event "Teplice op"]
[Site "Teplice"]
[Date "2023.06.18"]
[Round "9"]
[White "Svane, Rasmus"]
[Black "Romanov, Evgeny"]
[Result "1/2-1/2"]
[WhiteElo "2616"]
[BlackElo "2555"]
[PlyCount "52"]
[EventDate "2023.06.10"]
[EventType "swiss"]
[EventRounds "9"]
[EventCountry "CZE"]
[SourceTitle "CBM 214 Extra"]
[Source "ChessBase"]
[SourceDate "2023.07.31"]
[SourceVersion "1"]
[SourceVersionDate "2023.07.31"]
[SourceQuality "1"]

1. d4 Nf6 2. c4 e6 3. Nf3 b6 4. g3 Bb4+ 5. Bd2 a5 6. Bg2 Bb7 7. 0-0 0-0 8. a3 Bxd2 9. Qxd2 d5 10. cxd5 exd5 11. Nc3 Nbd7 12. Ne5 Re8 13. Nxd7 Qxd7 14. b4 Ne4 15. Nxe4 dxe4 16. Rfc1 Bd5 17. e3 axb4 18. axb4 Rxa1 19. Rxa1 b5 20. Qc3 c6 21. Qc5 g5 22. h3 h5 23. Qa7 Qd6 24. Qc5 Qd7 25. Qa7 Qd6 26. Qc5 Qd7 1/2-1/2

[Event "Dubai op-A 23rd"]
[Site "Dubai"]
[Date "2023.06.03"]
[Round "8"]
[White "Romanov, Evgeny"]
[Black "Anuj, Shrivatri"]
[Result "0-1"]
[WhiteElo "2578"]
[BlackElo "2404"]
[PlyCount "72"]
[EventDate "2023.05.27"]
[EventType "swiss"]
[EventRounds "9"]
[EventCountry "UAE"]
[SourceTitle "CBM 214 Extra"]
[Source "ChessBase"]
[SourceDate "2023.07.31"]
[SourceVersion "1"]
[SourceVersionDate "2023.07.31"]
[SourceQuality "1"]

1. g3 d5 2. Nf3 g6 3. Bg2 Bg7 4. c4 dxc4 5. Na3 e5 6. 0-0 Nc6 7. Nxc4 e4 8. Ne1 Nf6 9. d3 0-0 10. Bg5 exd3 11. Nxd3 h6 12. Bf4 Be6 13. Bxc6 bxc6 14. Qa4 Qd4 15. Nde5 g5 16. Be3 Qd5 17. Rfc1 Ng4 18. Nxc6 Rfe8 19. N6a5 Qf5 20. f3 Nxe3 21. Nxe3 Qe5 22. Rc3 Qd4 23. Ra3 Qxb2 24. Re1 Qd2 25. Qd1 Qb4 26. Nc2 Qc5+ 27. Kg2 Bb2 28. Nb3 Qc3 29. Ra4 Bxb3 30. axb3 Rad8 31. Re4 Rxd1 32. Rxe8+ Kg7 33. Rxd1 Qxc2 34. Rd3 c5 35. g4 a5 36. Re7 Bd4 0-1

[Event "Dubai op-A 23rd"]
[Site "Dubai"]
[Date "2023.05.28"]
[Round "2"]
[White "Romanov, Evgeny"]
[Black "Yu, Yangyi"]
[Result "1/2-1/2"]
[WhiteElo "2578"]
[BlackElo "2729"]
[PlyCount "62"]
[EventDate "2023.05.27"]
[EventType "swiss"]
[EventRounds "9"]
[EventCountry "UAE"]
[SourceTitle "CBM 214 Extra"]
[Source "ChessBase"]
[SourceDate "2023.07.31"]
[SourceVersion "1"]
[SourceVersionDate "2023.07.31"]
[SourceQuality "1"]

1. e4 c6 2. Nf3 d5 3. exd5 cxd5 4. Ne5 Nc6 5. Bb5 Bd7 6. Nxd7 Qxd7 7. d4 a6 8. Be2 e6 9. c3 Bd6 10. Nd2 Nf6 11. Bd3 0-0 12. 0-0 Qc7 13. g3 h6 14. Re1 b5 15. Nf3 b4 16. c4 dxc4 17. Bxc4 Ne7 18. Qe2 Qb6 19. Be3 Nf5 20. Ne5 Nxe3 21. Qxe3 Rfe8 22. Rac1 a5 23. Bf1 Bxe5 24. dxe5 Qxe3 25. Rxe3 Nd5 26. Ree1 a4 27. Bg2 Ra5 28. Rc4 Rb8 29. h4 a3 30. bxa3 Rxa3 31. Rb1 Rxa2 1/2-1/2

[Event "Baku op"]
[Site "Baku"]
[Date "2023.05.12"]
[Round "9"]
[White "Romanov, Evgeny"]
[Black "Petriashvili, Nikoloz"]
[Result "0-1"]
[WhiteElo "2578"]
[BlackElo "2432"]
[PlyCount "62"]
[EventDate "2023.05.04"]
[EventType "swiss"]
[EventRounds "9"]
[EventCountry "AZE"]
[SourceTitle "CBM 214 Extra"]
[Source "ChessBase"]
[SourceDate "2023.07.31"]
[SourceVersion "1"]
[SourceVersionDate "2023.07.31"]
[SourceQuality "1"]

1. e4 e5 2. Nc3 Nf6 3. g3 Bc5 4. Bg2 a6 5. Nf3 d6 6. d4 exd4 7. Nxd4 0-0 8. h3 Re8 9. 0-0 Bb4 10. Nde2 Nc6 11. f4 Nd7 12. Kh2 Bc5 13. b3 b5 14. Bb2 Bb7 15. g4 f6 16. Nd5 Ne7 17. Nxe7+ Qxe7 18. Ng3 Rad8 19. g5 Qf7 20. h4 d5 21. gxf6 dxe4 22. Qh5 gxf6 23. Qe2 f5 24. Bh3 Nf6 25. Nxf5 Kf8 26. Rg1 e3 27. Bc3 b4 28. Rg7 Qxg7 29. Nxg7 bxc3 30. Qc4 Rd2+ 31. Kg1 Bb6 0-1

[Event "Baku op"]
[Site "Baku"]
[Date "2023.05.09"]
[Round "6"]
[White "Salimova, Nurgyul"]
[Black "Romanov, Evgeny"]
[Result "1/2-1/2"]
[WhiteElo "2391"]
[BlackElo "2578"]
[PlyCount "112"]
[EventDate "2023.05.04"]
[EventType "swiss"]
[EventRounds "9"]
[EventCountry "AZE"]
[SourceTitle "CBM 214 Extra"]
[Source "ChessBase"]
[SourceDate "2023.07.31"]
[SourceVersion "1"]
[SourceVersionDate "2023.07.31"]
[SourceQuality "1"]

1. d4 e6 2. Nf3 c5 3. c3 Nf6 4. Bg5 h6 5. Bxf6 Qxf6 6. e3 Qd8 7. Nbd2 Nc6 8. Bd3 d5 9. Qe2 Be7 10. h4 Qb6 11. Rb1 Qc7 12. dxc5 Bxc5 13. e4 dxe4 14. Nxe4 Be7 15. Ng3 Bd7 16. h5 0-0-0 17. 0-0 Kb8 18. b4 Bf6 19. Rfe1 Ne7 20. c4 Nf5 21. Ne4 Bc6 22. c5 Bxe4 23. Bxe4 Nd4 24. Nxd4 Rxd4 25. c6 b6 26. Red1 Rhd8 27. Bf3 e5 28. Rxd4 Rxd4 29. Rd1 Rxd1+ 30. Qxd1 Be7 31. Qb1 Qd6 32. Qf5 Qe6 33. Qh7 Bf8 34. Qd3 Qd6 35. Qc4 Qe7 36. Be4 Kc7 37. Qa6 Kd8 38. Bf5 Qc7 39. Qc4 Bd6 40. Bd7 Ke7 41. Qe4 a5 42. a3 axb4 43. axb4 b5 44. Qd5 Bxb4 45. Qxb5 Qa5 46. Qc4 Qa1+ 47. Kh2 Qd4 48. Qc2 Bc5 49. Bh3 Kd6 50. Qf5 Qf4+ 51. Qxf4 exf4 52. Bd7 Bxf2 53. Be8 f5 54. Bd7 Bb6 55. Bxf5 Kxc6 56. Kh3 Kd6 1/2-1/2

[Event "Ayvalik Yasemin"]
[Site "Ayvalik"]
[Date "2023.04.25"]
[Round "6"]
[White "Hakemi, Arman"]
[Black "Romanov, Evgeny"]
[Result "1/2-1/2"]
[WhiteElo "2419"]
[BlackElo "2578"]
[PlyCount "123"]
[EventDate "2023.04.22"]
[EventType "schev"]
[EventRounds "9"]
[EventCountry "TUR"]
[SourceTitle "CBM 213 Extra"]
[Source "ChessBase"]
[SourceDate "2023.05.31"]
[SourceVersion "1"]
[SourceVersionDate "2023.05.31"]
[SourceQuality "1"]
[WhiteTeam "Team D"]
[BlackTeam "Team C"]
[WhiteTeamCountry "IRI"]
[BlackTeamCountry "MKD"]

1. d4 d5 2. Nf3 Nf6 3. g3 c5 4. Bg2 cxd4 5. 0-0 h5 6. Bf4 h4 7. Bxb8 Rxb8 8. Qxd4 hxg3 9. hxg3 Qb6 10. Qxb6 axb6 11. c4 dxc4 12. Na3 c3 13. bxc3 Bf5 14. Nd4 e6 15. Nc4 Bc5 16. Nxf5 exf5 17. Rfb1 Rh6 18. e3 Ne4 19. Bxe4 fxe4 20. a4 Kd7 21. a5 Rbh8 22. Kf1 b5 23. Nb2 Bxe3 24. Nd1 Bc5 25. Rxb5 Kc6 26. Rab1 Rd8 27. Ke2 Rh1 28. Ne3 Rxb1 29. Rxb1 Rd3 30. Rb3 f6 31. g4 g6 32. g5 f5 33. Nc4 Kd5 34. Ne3+ Ke6 35. Rxb7 f4 36. Nd1 Rd8 37. Rb1 Ra8 38. Rb5 Kd5 39. Nb2 Kc6 40. c4 f3+ 41. Ke1 Rxa5 42. Rxa5 Bb4+ 43. Kf1 Bxa5 44. Na4 Bb4 45. Kg1 Kb7 46. Kh2 Kc6 47. Kg3 Bd6+ 48. Kg4 Be5 49. c5 Kb5 50. Nb6 Kxc5 51. Nd7+ Kd4 52. Nf8 Kd3 53. Nxg6 Bd6 54. Nh4 Ke2 55. g6 Be5 56. Kf5 Bh8 57. Kxe4 Kxf2 58. Nxf3 Kg3 59. Ne5 Kh4 60. Kf5 Kh5 61. Nf7 Bc3 62. Ng5 1/2-1/2